000 00589nam a22001577a 4500
003 OSt
005 20190624141536.0
008 190624b xxu||||| |||| 00| 0 eng d
040 _cRUA
082 _aAGR VAN 2017 B633 Or.1
100 _913587
_aVAN DA VID វ៉ាន់ ដាវីត
245 _aeffect of different organic fertilizes on lettuce ( lactusca sativa L.)ប្រសិទ្ធភាពជីធម្មជាតិខុសៗគ្នាលើដំណាំសាលាដ
260 _aphnom penh
_bRUA
_c2017
300 _axii;39p
_bill;
_c29cm
942 _2ddc
_cAGR
999 _c17922
_d17922